{"text_format":"3","workbook":"xls","n_sheets":1,"sheets":["Sheet1"],"not_rendered":{"defined_names":2},"read":"whole","date_system":"1900","formulas":"cached_only"}

{"sheet":"Sheet1","index":0,"n_rows":115,"n_cols":9,"rows_kept":115,"merged":[[0,0,0,8],[2,0,2,1],[2,2,2,8],[13,0,13,1],[13,2,13,8],[20,0,20,1],[20,2,20,8],[28,0,28,1],[28,2,28,8],[46,0,46,1],[46,2,46,8],[52,0,52,1],[52,2,52,8],[55,0,55,1],[55,2,55,8],[58,0,58,1],[58,2,58,8],[61,0,61,1],[61,2,61,8],[64,0,64,1],[64,2,64,8],[67,0,67,1],[67,2,67,8],[71,0,71,1],[71,2,71,8],[74,0,74,1],[74,2,74,8],[77,0,77,1],[77,2,77,8],[81,0,81,1],[81,2,81,8],[92,0,92,1],[92,2,92,8],[103,0,103,1],[103,2,103,8],[107,0,107,1],[107,2,107,8],[111,0,111,1],[111,2,111,8]],"flags":["formulas_cached_only"]}
["东莞市水务环境投资控股集团供水有限公司制水分公司五金加工类、维修工具及耗材类物资\n项目采购清单汇总"]
["序号","物品名称","规格/型号","单位","数量","估算单价（元）","估算总金额（元）","备注","参考照片"]
["设备管理一部（第四水厂）",null,"收货地址：东莞市石碣镇鹤田厦村富田路第四水厂"]
[1,"单芯工业插头","400A公插头，黄色，防护等级：IP44，接线范围：50-95mm²，电压：AC 600V/DC 250V，电流：400A。总长约：184mm，插口：长约35mm、直径约38mm。","个",10,{"v":80,"d":"¥80.00"},{"v":800,"d":"¥800.00"},"/","/"]
[2,"单芯工业插头","400A公插头，绿色，防护等级：IP44，接线范围：50-95mm²，电压：AC 600V/DC 250V，电流：400A。总长约：184mm，插口：长约35mm、直径约38mm。","个",10,{"v":80,"d":"¥80.00"},{"v":800,"d":"¥800.00"},"/","/"]
[3,"单芯工业插头","400A公插头，红色，防护等级：IP44，接线范围：50-95mm²，电压：AC 600V/DC 250V，电流：400A。总长约：184mm，插口：长约35mm、直径约38mm。","个",10,{"v":80,"d":"¥80.00"},{"v":800,"d":"¥800.00"},"/","/"]
[4,"单芯工业插头","400A公插头，蓝色，防护等级：IP44，接线范围：50-95mm²，电压：AC 600V/DC 250V，电流：400A。总长约：184mm，插口：长约35mm、直径约38mm。","个",10,{"v":80,"d":"¥80.00"},{"v":800,"d":"¥800.00"},"/","/"]
[5,"单芯工业插头","400A母插头，黄色，防护等级：IP44，接线范围：50-95mm²，电压：AC 600V/DC 250V，电流：400A。总长约：186mm，插口：长约35mm、直径约32mm。","个",10,{"v":80,"d":"¥80.00"},{"v":800,"d":"¥800.00"},"/","/"]
[6,"单芯工业插头","400A母插头，绿色，防护等级：IP44，接线范围：50-95mm²，电压：AC 600V/DC 250V，电流：400A。总长约：186mm，插口：长约35mm、直径约32mm。","个",10,{"v":80,"d":"¥80.00"},{"v":800,"d":"¥800.00"},"/","/"]
[7,"单芯工业插头","400A母插头，红色，防护等级：IP44，接线范围：50-95mm²，电压：AC 600V/DC 250V，电流：400A。总长约：186mm，插口：长约35mm、直径约32mm。","个",10,{"v":80,"d":"¥80.00"},{"v":800,"d":"¥800.00"},"/","/"]
[8,"单芯工业插头","400A母插头，蓝色，防护等级：IP44，接线范围：50-95mm²，电压：AC 600V/DC 250V，电流：400A。总长约：186mm，插口：长约35mm、直径约32mm。","个",10,{"v":80,"d":"¥80.00"},{"v":800,"d":"¥800.00"},"/","/"]
[9,"铜芯电缆","YC橡套软电缆，1×95mm²，电压等级：450/750V，国标。","米",400,{"v":120,"d":"¥120.00"},{"v":48000,"d":"¥48,000.00"},"/","/"]
[null,"小计",{"$nulls":4},{"v":54400,"d":"¥54,400.00"}]
["设备管理二部（第三水厂）",null,"收货地址：东莞市东城樟村桂塘路12号"]
[1,"蓄电池充电器","输入电压：AC220V，功率：400W，输出电压电流：DC12V-20A、DC24V-15A，适用于12V阀控式密封铅酸蓄电池，带中文液晶显示屏，带鳄鱼夹线，带反接保护、短路保护、过流保护、过热保护、手动自动功能。","台",1,{"v":210,"d":"¥210.00"},{"v":210,"d":"¥210.00"},"/","/"]
[2,"铜芯电缆","交联聚乙烯绝缘铜芯电力电缆，规格：4×4+1×2.5mm2，额定交流电压：0.6/1kV，100m/卷，执行标准GB/T19666-2019、GB/T12706.1-2020，配电缆盘。","米",100,{"v":12.5,"d":"¥12.50"},{"v":1250,"d":"¥1,250.00"},"/","/"]
[3,"MPP电力管","材质：聚丙烯，直径：110mm，管壁厚度：6mm，6m/条。","米",18,{"v":26,"d":"¥26.00"},{"v":468,"d":"¥468.00"},"/","/"]
[4,"减振连接胶","材质：聚氨酯牛筋，型号：T80、外径80mm，T型六角，适用于FSR-100自吸泵用","个",20,{"v":25,"d":"¥25.00"},{"v":500,"d":"¥500.00"},"/","/"]
[5,"多功能工作灯","主灯：600流明，五档调节；侧灯580流明，四档调节；内置电池>6000mAh；带磁吸，双挂钩；配充电线，充电头。","套",2,{"v":200,"d":"¥200.00"},{"v":400,"d":"¥400.00"},"/","/"]
[null,"小计",{"$nulls":4},{"v":2828,"d":"¥2,828.00"}]
["设备管理二部（第六水厂）",null,"收货地址：东莞市东城街道莞龙路东城段21号"]
[1,"月牙扳手","高碳钢，180-200,总长度约400mm,手柄长约240mm,开口宽度约145mm,厚度约15.5mm。","把",2,{"v":60,"d":"¥60.00"},{"v":120,"d":"¥120.00"},"/","/"]
[2,"瓷嘴","陶瓷，4号，高度47mm,外径11.2mm,内径6.5mm。","个",4,{"v":15,"d":"¥15.00"},{"v":60,"d":"¥60.00"},"/","/"]
[3,"钨针","氩弧焊用，1.6*150，适用于不锈钢，碳钢，铁，红头。","支",10,{"v":3,"d":"¥3.00"},{"v":30,"d":"¥30.00"},"/","/"]
[4,"万用宝","外形尺寸508*285mm,无刷电机，6档调速，电压12伏，空载往复速率5000-20000次/分钟，调速档位6档手握直径162mm,磁吸单螺丝固定，AIZ 32 APB锯片*1条，用于木材、塑料及软质金属切割，ACZ 85 EB扇形锯片*1条，用于木材、塑料及软质金属切割，AVG G砂盘*1个，砂纸： 80目x2张，120目x1张，240目x1张。配1充电器及1电池。","套",1,{"v":1800,"d":"¥1,800.00"},{"v":1800,"d":"¥1,800.00"},"/","/"]
[5,"吸尘器电源适配器","充电电压18V,充电电流500mA。","个",1,{"v":90,"d":"¥90.00"},{"v":90,"d":"¥90.00"},"米家无线吸尘器2 Lite专属配件，型号：BLJ15W180050P-CA","/"]
[6,"不锈钢钉墙管卡","不锈钢钉M8×100mm，口径50mm，厚度约1.2mm，单边卡扣十字盘头机螺丝，螺纹链接款。","套",300,{"v":6,"d":"¥6.00"},{"v":1800,"d":"¥1,800.00"},"/","/"]
[null,"小计",{"$nulls":4},{"v":3900,"d":"¥3,900.00"}]
["设备管理二部（东城水厂）",null,"收货地址：东莞市东城下桥银岭街9号东城水厂"]
[1,"钢丝绳","电动葫芦使用，镀锌，19股7丝，直径5mm，长度12m，带防脱吊钩，防撞吊坠","条",2,{"v":80,"d":"¥80.00"},{"v":160,"d":"¥160.00"},"/","/"]
[2,"垫片","304不锈钢，M6，外径12mm，厚1.5mm，","个",200,{"v":0.05,"d":"¥0.05"},{"v":10,"d":"¥10.00"},"/","/"]
[3,"垫片","304不锈钢，M6，外径14mm，厚2mm，","个",100,{"v":0.2,"d":"¥0.20"},{"v":20,"d":"¥20.00"},"/","/"]
[4,"垫片","304不锈钢，M6，外径18mm，厚2mm，","个",100,{"v":0.4,"d":"¥0.40"},{"v":40,"d":"¥40.00"},"/","/"]
[5,"垫片","304不锈钢，M8，外径16mm，厚1.5mm，","个",200,{"v":0.15,"d":"¥0.15"},{"v":30,"d":"¥30.00"},"/","/"]
[6,"垫片","304不锈钢，M8，外径18mm，厚2mm，","个",100,{"v":0.2,"d":"¥0.20"},{"v":20,"d":"¥20.00"},"/","/"]
[7,"垫片","304不锈钢，M8，外径22mm，厚2mm，","个",100,{"v":0.3,"d":"¥0.30"},{"v":30,"d":"¥30.00"},"/","/"]
[8,"垫片","304不锈钢，M10，外径22mm，厚2mm，","个",200,{"v":0.4,"d":"¥0.40"},{"v":80,"d":"¥80.00"},"/","/"]
[9,"垫片","304不锈钢，M10，外径30mm，厚2mm，","个",100,{"v":0.4,"d":"¥0.40"},{"v":40,"d":"¥40.00"},"/","/"]
[10,"垫片","304不锈钢，M12，外径24mm，厚2mm，","个",100,{"v":0.25,"d":"¥0.25"},{"v":25,"d":"¥25.00"},"/","/"]
[11,"垫片","304不锈钢，M12，外径30mm，厚2mm，","个",100,{"v":0.55,"d":"¥0.55"},{"v":55.00000000000001,"d":"¥55.00"},"/","/"]
[12,"垫片","304不锈钢，M14，外径36mm，厚2.5mm，","个",100,{"v":1.8,"d":"¥1.80"},{"v":180,"d":"¥180.00"},"/","/"]
[13,"带漏电保护插座","AC220V，16A，三孔，漏电动作电流≤30mA，动作时间≤0.1秒，带待复位和试验按钮。","个",3,{"v":25,"d":"¥25.00"},{"v":75,"d":"¥75.00"},"/","/"]
[14,"门禁开关","304不锈钢材质，86型，固定孔距60mm，室外防水用，触点灌胶防水，按钮形式：大蘑菇头，自复位，自带常开/常闭两组接线。","个",2,{"v":20,"d":"¥20.00"},{"v":40,"d":"¥40.00"},"/","/"]
[15,"减压器总成","正压式空气呼吸器使用，包含减压器、安全阀、警报器、中压管、高压管、压力表","套",1,{"v":300,"d":"¥300.00"},{"v":300,"d":"¥300.00"},"/","/"]
[16,"高压清洗机","额定功率：3.7kW，纯铜四级电机，纯铜增压泵，可连续运行时间：不小于8小时，电源线芯不小于2.5mm2，最大压力大于等于20Mpa，高压陶瓷阀芯水枪（可长短两用），52cm不锈钢延长杆，3米耐高压进水管，15米防爆钢丝出水管，4种口径替换喷嘴，过滤网，进出水铜快接一套，漏电保护插头，防水等级IPX5，可视压力表，可调压力阀，智能启停开关（带过热保护、过载保护、漏电保护），全自动启停：关枪停机，带卷轴式绕线盘，机油观察窗，推车式，符合3C标准","台",1,{"v":3900,"d":"¥3,900.00"},{"v":3900,"d":"¥3,900.00"},"参考品牌：上海黑猫，卡赫，绿田","=DISPIMG(\"ID_57B10C7DC48C47F49382F00CB6F03972\",1)"]
[null,"小计",{"$nulls":4},{"v":5005,"d":"¥5,005.00"}]
["设备管理三部（第五水厂）",null,"收货地址：东莞市企石镇杨屋村新兴路33号第五水厂"]
[1,"锥形软木塞","材质：木质，上端直径20mm，下端直径15mm，高度30mm","个",20,{"v":2.5,"d":"¥2.50"},{"v":50,"d":"¥50.00"},"/","/"]
[2,"锥形软木塞","材质：木质，上端直径18mm，下端直径13mm，高度约20mm","个",20,{"v":2,"d":"¥2.00"},{"v":40,"d":"¥40.00"},"/","/"]
[3,"伸缩绝缘围栏","高1.2m，长2.5m，材质：玻璃钢环氧树脂，颜色：红白相间，可移动，带滑轮。","个",8,{"v":150,"d":"¥150.00"},{"v":1200,"d":"¥1,200.00"},"/","/"]
[4,"三层绝缘凳","材质：玻璃钢，适用电压：10kV，尺寸：高1200mm*宽500mm*长900mm，共三层，凳面绝缘防滑材质，带便携移动轮。","张",8,{"v":750,"d":"¥750.00"},{"v":6000,"d":"¥6,000.00"},"/","/"]
[null,"小计",{"$nulls":4},{"v":7290,"d":"¥7,290.00"}]
["设备管理四部（谢岗第二水厂）",null,"收货地址：东莞市谢岗镇南面石鼓水库路22号谢岗第二水厂"]
[1,"混凝土开槽机","电压：220V；开槽机一次成型；切割规格：133*20mm","台",1,{"v":700,"d":"¥700.00"},{"v":700,"d":"¥700.00"},"/","/"]
[null,"小计",{"$nulls":4},{"v":700,"d":"¥700.00"}]
["设备管理五部（塘厦凤凰水厂）",null,"收货地址：东莞市塘厦镇凤凰社区凤清路65号塘厦凤凰水厂"]
[1,"卡簧钳","18寸，直头内卡，材质：高碳钢","把",1,{"v":120,"d":"¥120.00"},{"v":120,"d":"¥120.00"},"/","/"]
[null,"小计",{"$nulls":4},{"v":120,"d":"¥120.00"}]
["设备管理五部（凤岗第一水厂）",null,"收货地址：东莞市凤岗镇花果山二巷13号"]
[1,"防火泥","20KG/箱","箱",1,{"v":120,"d":"¥120.00"},{"v":120,"d":"¥120.00"},"/","/"]
[null,"小计",{"$nulls":4},{"v":120,"d":"¥120.00"}]
["设备管理五部（凤岗第二水厂）",null,"收货地址：东莞市凤岗镇沙岭抽水站路8号"]
[1,"防火泥","20KG/箱","箱",1,{"v":120,"d":"¥120.00"},{"v":120,"d":"¥120.00"},"/","/"]
[null,"小计",{"$nulls":4},{"v":120,"d":"¥120.00"}]
["设备管理六部（松山湖水厂）",null,"收货地址：东莞市环湖路与南山路交叉口西北320米"]
[1,"工业吸尘器","电压：220-240VAC；功率：2200-2600W；吸力（真空度）：27kpa；吸头数量：3个或以上（至少含有一个扁嘴吸头）；电源线长5米或以上；吸管长度2米或以上。","个",1,{"v":360,"d":"¥360.00"},{"v":360,"d":"¥360.00"},"/","/"]
[null,"小计",{"$nulls":4},{"v":360,"d":"¥360.00"}]
["设备管理六部（芦花坑水厂）",null,"收货地址：东莞市虎门镇居岐路99号"]
[1,"工业吸尘器","电压：220-240VAC；功率：2200-2600W；吸力（真空度）：27kpa；吸头数量：3个或以上（至少含有一个扁嘴吸头）；电源线长5米或以上；吸管长度2米或以上。","个",1,{"v":360,"d":"¥360.00"},{"v":360,"d":"¥360.00"},"/","/"]
[null,"小计",{"$nulls":4},{"v":360,"d":"¥360.00"}]
["序号","物品名称","规格/型号","单位","数量","估算单价（元）","估算总金额（元）","备注","参考照片"]
["设备管理二部（第三水厂）",null,"收货地址：东莞市东城樟村桂塘路12号"]
[1,"护栏防护网","材质：铁丝，6mm线粗，孔约50*100mm，表层浸塑，每块长3000mm*高2000mm,绿色，每2块之间安装立柱，立柱固定基础约400*400*500mm，立柱尺寸约(60*60*2000*3)mm。","米",240,{"v":170,"d":"¥170.00"},{"v":40800,"d":"¥40,800.00"},"包安装","/"]
[null,"小计",{"$nulls":4},{"v":40800,"d":"¥40,800.00"}]
["设备管理三部（桥头第二水厂）",null,"收货地址：东莞市桥头镇中兴路403号桥头第二水厂"]
[1,"防雨罩","材质：304不锈钢，板材厚度2mm，尺寸：顶部尺寸约：长*宽=1000mm*400mm，两侧尺寸约：宽*长=200mm*300mm，背面尺寸约：1000mm*100mm，背面开孔直径约：11mm（共3个）。","个",1,{"v":500,"d":"¥500.00"},{"v":500,"d":"¥500.00"},"样式见图","=DISPIMG(\"ID_F7E0A9B192844DE899D890FC0B47F57E\",1)"]
[null,"小计",{"$nulls":4},{"v":500,"d":"¥500.00"}]
["设备管理四部（黄江水厂）",null,"收货地址：东莞市黄江镇黄牛埔村强健街2号黄江水厂"]
[1,"遮雨棚","材质：304不锈钢，厚度：不少于3mm，框架用方管，高度：500mm，并固定在外墙上，面板尺寸：1000mm*1000mm*3mm。","个",1,{"v":2000,"d":"¥2,000.00"},{"v":2000,"d":"¥2,000.00"},"包安装，样式见图","=DISPIMG(\"ID_57134F4EB0E8494FA58E87853EE25E72\",1)"]
[null,"小计",{"$nulls":4},{"v":2000,"d":"¥2,000.00"}]
["序号","物品名称","规格/型号","单位","数量","估算单价（元）","估算总金额（元）","备注","参考照片"]
["设备管理三部（第五水厂）",null,"收货地址：东莞市企石镇杨屋村新兴路33号第五水厂"]
[1,"水泵填料处滴漏槽防护罩","材质：304不锈钢；采用板材或圆管制作；板材厚度不少于3mm；圆管直径不少于15mm，厚度不少于0.5mm；外观形状：半圆形；带有安装定位装置和巡查观察视窗，顶部装有提手，半圆形形变率不得大于2%；需按照现场水泵滴漏槽尺寸定制，防护罩展开尺寸：约60cmX5cm","个",6,{"v":120,"d":"¥120.00"},{"v":720,"d":"¥720.00"},"/","/"]
[2,"水泵填料处滴漏槽防护罩","材质：304不锈钢；采用板材或圆管制作；板材厚度不少于3mm；圆管直径不少于15mm，厚度不少于0.5mm；外观形状：半圆形；带有安装定位装置和巡查观察视窗，顶部装有提手，半圆形形变率不得大于2%；需按照现场水泵滴漏槽尺寸定制，防护罩展开尺寸：约100cmX10cm","个",12,{"v":400,"d":"¥400.00"},{"v":4800,"d":"¥4,800.00"},"/","/"]
[3,"水泵填料处滴漏槽防护罩","材质：304不锈钢；采用板材或圆管制作；板材厚度不少于3mm；圆管直径不少于15mm，厚度不少于0.5mm；外观形状：半圆形；带有安装定位装置和巡查观察视窗，顶部装有提手，半圆形形变率不得大于2%；需按照现场水泵滴漏槽尺寸定制，防护罩展开尺寸：约90cmX10cm","个",4,{"v":360,"d":"¥360.00"},{"v":1440,"d":"¥1,440.00"},"/","/"]
[4,"水泵填料处滴漏槽防护罩","材质：304不锈钢；采用板材或圆管制作；板材厚度不少于3mm；圆管直径不少于15mm，厚度不少于0.5mm；外观形状：半圆形；带有安装定位装置和巡查观察视窗，顶部装有提手，半圆形形变率不得大于2%；需按照现场水泵滴漏槽尺寸定制，防护罩展开尺寸：约100cmX15cm","个",4,{"v":500,"d":"¥500.00"},{"v":2000,"d":"¥2,000.00"},"/","/"]
[5,"水泵填料处滴漏槽防护罩","材质：304不锈钢；采用板材或圆管制作；板材厚度不少于3mm；圆管直径不少于15mm，厚度不少于0.5mm；外观形状：半圆形；带有安装定位装置和巡查观察视窗，顶部装有提手，半圆形形变率不得大于2%；需按照现场水泵滴漏槽尺寸定制，防护罩展开尺寸：约55cmX10cm","个",14,{"v":200,"d":"¥200.00"},{"v":2800,"d":"¥2,800.00"},"/","/"]
[6,"水泵填料处滴漏槽防护罩","材质：304不锈钢；采用板材或圆管制作；板材厚度不少于3mm；圆管直径不少于15mm，厚度不少于0.5mm；外观形状：半圆形；带有安装定位装置和巡查观察视窗，顶部装有提手，半圆形形变率不得大于2%；需按照现场水泵滴漏槽尺寸定制，防护罩展开尺寸：约80cmX15cm","个",4,{"v":450,"d":"¥450.00"},{"v":1800,"d":"¥1,800.00"},"/","/"]
[7,"水泵填料处滴漏槽防护罩","材质：304不锈钢；采用板材或圆管制作；板材厚度不少于3mm；圆管直径不少于15mm，厚度不少于0.5mm；外观形状：半圆形；带有安装定位装置和巡查观察视窗，顶部装有提手，半圆形形变率不得大于2%；需按照现场水泵滴漏槽尺寸定制，防护罩展开尺寸：约80cmX12cm","个",2,{"v":350,"d":"¥350.00"},{"v":700,"d":"¥700.00"},"/","/"]
[8,"水泵填料处滴漏槽防护罩","材质：304不锈钢；采用板材或圆管制作；板材厚度不少于3mm；圆管直径不少于15mm，厚度不少于0.5mm；外观形状：半圆形；带有安装定位装置和巡查观察视窗，顶部装有提手，半圆形形变率不得大于2%；需按照现场水泵滴漏槽尺寸定制，防护罩展开尺寸：约78cmX15cm","个",6,{"v":400,"d":"¥400.00"},{"v":2400,"d":"¥2,400.00"},"/","/"]
[9,"水泵填料处滴漏槽防护罩","材质：304不锈钢；采用板材或圆管制作；板材厚度不少于3mm；圆管直径不少于15mm，厚度不少于0.5mm；外观形状：半圆形；带有安装定位装置和巡查观察视窗，顶部装有提手，半圆形形变率不得大于2%；需按照现场水泵滴漏槽尺寸定制，防护罩展开尺寸：约68cmX9cm","个",4,{"v":220,"d":"¥220.00"},{"v":880,"d":"¥880.00"},"/","/"]
[null,"小计",{"$nulls":4},{"v":17540,"d":"¥17,540.00"}]
["设备管理三部（企石水厂）",null,"收货地址：东莞市企石镇黄大仙路56号企石水厂"]
[1,"水泵填料处滴漏槽防护罩","材质：304不锈钢；采用板材或圆管制作；板材厚度不少于3mm；圆管直径不少于15mm，厚度不少于0.5mm；外观形状：半圆形；带有安装定位装置和巡查观察视窗，顶部装有提手，半圆形形变率不得大于2%；需按照现场水泵滴漏槽尺寸定制，防护罩展开尺寸：约52cm×9cm","个",5,{"v":190,"d":"¥190.00"},{"v":950,"d":"¥950.00"},"/","/"]
[2,"水泵填料处滴漏槽防护罩","材质：304不锈钢；采用板材或圆管制作；板材厚度不少于3mm；圆管直径不少于15mm，厚度不少于0.5mm；外观形状：半圆形；带有安装定位装置和巡查观察视窗，顶部装有提手，半圆形形变率不得大于2%；需按照现场水泵滴漏槽尺寸定制，防护罩展开尺寸：约42cm×12cm","个",4,{"v":200,"d":"¥200.00"},{"v":800,"d":"¥800.00"},"/","/"]
[3,"水泵填料处滴漏槽防护罩","材质：304不锈钢；采用板材或圆管制作；板材厚度不少于3mm；圆管直径不少于15mm，厚度不少于0.5mm；外观形状：半圆形；带有安装定位装置和巡查观察视窗，顶部装有提手，半圆形形变率不得大于2%；需按照现场水泵滴漏槽尺寸定制，防护罩展开尺寸：约29cm×6cm","个",3,{"v":75,"d":"¥75.00"},{"v":225,"d":"¥225.00"},"/","/"]
[4,"水泵填料处滴漏槽防护罩","材质：304不锈钢；采用板材或圆管制作；板材厚度不少于3mm；圆管直径不少于15mm，厚度不少于0.5mm；外观形状：半圆形；带有安装定位装置和巡查观察视窗，顶部装有提手，半圆形形变率不得大于2%；需按照现场水泵滴漏槽尺寸定制，防护罩展开尺寸：约43cm×13cm","个",2,{"v":225,"d":"¥225.00"},{"v":450,"d":"¥450.00"},"/","/"]
[5,"水泵填料处滴漏槽防护罩","材质：304不锈钢；采用板材或圆管制作；板材厚度不少于3mm；圆管直径不少于15mm，厚度不少于0.5mm；外观形状：半圆形；带有安装定位装置和巡查观察视窗，顶部装有提手，半圆形形变率不得大于2%；需按照现场水泵滴漏槽尺寸定制，防护罩展开尺寸：约40cm×15cm","个",3,{"v":240,"d":"¥240.00"},{"v":720,"d":"¥720.00"},"/","/"]
[6,"水泵填料处滴漏槽防护罩","材质：304不锈钢；采用板材或圆管制作；板材厚度不少于3mm；圆管直径不少于15mm，厚度不少于0.5mm；外观形状：半圆形；带有安装定位装置和巡查观察视窗，顶部装有提手，半圆形形变率不得大于2%；需按照现场水泵滴漏槽尺寸定制，防护罩展开尺寸：约36cm×11cm","个",1,{"v":160,"d":"¥160.00"},{"v":160,"d":"¥160.00"},"/","/"]
[7,"水泵填料处滴漏槽防护罩","材质：304不锈钢；采用板材或圆管制作；板材厚度不少于3mm；圆管直径不少于15mm，厚度不少于0.5mm；外观形状：半圆形；带有安装定位装置和巡查观察视窗，顶部装有提手，半圆形形变率不得大于2%；需按照现场水泵滴漏槽尺寸定制，防护罩展开尺寸：约49cm×11cm","个",1,{"v":220,"d":"¥220.00"},{"v":220,"d":"¥220.00"},"/","/"]
[8,"连轴器挡板盖","材质：304不锈钢，厚度3mm，上弯约19cm，中弯约21cm,下弯度距离约23cm,宽度约25cm，高度约：36cm，需现场看样定制，包安装。","个",1,{"v":800,"d":"¥800.00"},{"v":800,"d":"¥800.00"},"/","/"]
[9,"配电柜后板","后板尺寸约：800mm×400mm，材质：铝，面，百页窗式风口，需现场看样定制，包安装。","个",5,{"v":500,"d":"¥500.00"},{"v":2500,"d":"¥2,500.00"},"样式如图","=DISPIMG(\"ID_C0580B03F35C412F8EE4092833426620\",1)"]
[null,"小计",{"$nulls":4},{"v":6825,"d":"¥6,825.00"}]
["设备管理四部（谢岗第二水厂）",null,"收货地址：东莞市谢岗镇南面石鼓水库路22号谢岗第二水厂"]
[1,"不锈钢角铁支架","长边1.2m；短边0.53m；带斜边固定；短边位于长边中央；长边两端带有固定螺丝孔位","个",2,{"v":100,"d":"¥100.00"},{"v":200,"d":"¥200.00"},"/","/"]
[2,"不锈钢角铁支架","长边15cm；短边20cm；两边带有固定螺丝孔位","个",5,{"v":20,"d":"¥20.00"},{"v":100,"d":"¥100.00"},"/","/"]
[null,"小计",{"$nulls":4},{"v":300,"d":"¥300.00"}]
["设备管理四部（谢岗第三水厂）",null,"收货地址：东莞市谢岗镇曹乐工业一路15号101室供水公司"]
[1,"药桶防爆箍","材质：304不锈钢；宽度：8cm；桶周长7.45m；配套锁紧螺丝","个",4,{"v":250,"d":"¥250.00"},{"v":1000,"d":"¥1,000.00"},"/","/"]
[2,"药桶防爆箍","材质：304不锈钢；宽度：8cm；桶周长7.3m；配套锁紧螺丝","个",8,{"v":250,"d":"¥250.00"},{"v":2000,"d":"¥2,000.00"},"/","/"]
[null,"小计",{"$nulls":4},{"v":3000,"d":"¥3,000.00"}]
["设备管理五部（凤岗第一水厂）",null,"收货地址：东莞市凤岗镇花果山二巷13号"]
[1,"储物柜","材质：冷轧钢，厚度1.5mm，双开门，三层，配备扣锁，外型尺寸：长*宽*高=2000mm*500mm*1800mm，承重200KG/层","个",2,{"v":3000,"d":"¥3,000.00"},{"v":6000,"d":"¥6,000.00"},"/","/"]
[null,"小计",{"$nulls":4},{"v":6000,"d":"¥6,000.00"}]
[null,"合计",{"$nulls":4},{"v":152168,"d":"¥152,168.00"}]